Intellectual property : (Record no. 469)

MARC details
000 -LEADER
fixed length control field 01103cam a2200337 a 4500
001 - CONTROL NUMBER
control field 14972692
003 - CONTROL NUMBER IDENTIFIER
control field OSt
005 - DATE AND TIME OF LATEST TRANSACTION
control field 20150619115208.0
008 - FIXED-LENGTH DATA ELEMENTS--GENERAL INFORMATION
fixed length control field 070221s2007 enk 001 0 eng
010 ## - LIBRARY OF CONGRESS CONTROL NUMBER
LC control number 2007532351
015 ## - NATIONAL BIBLIOGRAPHY NUMBER
National bibliography number GBA716185
Source bnb
016 7# - NATIONAL BIBLIOGRAPHIC AGENCY CONTROL NUMBER
Record control number 013683344
Source Uk
020 ## - INTERNATIONAL STANDARD BOOK NUMBER
International Standard Book Number 9788190366496 (hbk.)
020 ## - INTERNATIONAL STANDARD BOOK NUMBER
International Standard Book Number 8190366491 (hbk.)
035 ## - SYSTEM CONTROL NUMBER
System control number (OCoLC)ocm85690098
035 ## - SYSTEM CONTROL NUMBER
System control number (OCoLC)85690098
040 ## - CATALOGING SOURCE
Original cataloging agency UKM
Transcribing agency UKM
Modifying agency YDXCP
-- BWKUK
-- DLC
050 00 - LIBRARY OF CONGRESS CALL NUMBER
Classification number KD1269
Item number .C67 2007
082 04 - DEWEY DECIMAL CLASSIFICATION NUMBER
Classification number 346.048 COR
Edition number 22
100 1# - MAIN ENTRY--PERSONAL NAME
Personal name Cornish, W. R.
Fuller form of name (William Rodolph),
Dates associated with a name 1937-
9 (RLIN) 1394
245 10 - TITLE STATEMENT
Title Intellectual property :
Remainder of title patents, copyright, trade marks and allied rights /
Statement of responsibility, etc William Cornish and David Llewelyn..
250 ## - EDITION STATEMENT
Edition statement 6th ed. _
260 ## - PUBLICATION, DISTRIBUTION, ETC. (IMPRINT)
Place of publication, distribution, etc London :
Name of publisher, distributor, etc Sweet & Maxwell,
Date of publication, distribution, etc 2008.
300 ## - PHYSICAL DESCRIPTION
Extent cxxiv, 940 p. ;
Dimensions 24 cm.
504 ## - BIBLIOGRAPHY, ETC. NOTE
Bibliography, etc Includes index.
650 #0 - SUBJECT ADDED ENTRY--TOPICAL TERM
Topical term or geographic name as entry element Intellectual property
Geographic subdivision Great Britain.
9 (RLIN) 1395
700 1# - ADDED ENTRY--PERSONAL NAME
Personal name Llewelyn, David.
9 (RLIN) 1396
906 ## - LOCAL DATA ELEMENT F, LDF (RLIN)
a 7
b cbc
c copycat
d 2
e ncip
f 20
g y-gencatlg
942 ## - ADDED ENTRY ELEMENTS (KOHA)
Source of classification or shelving scheme Dewey Decimal Classification
Koha item type Books
Holdings
Withdrawn status Lost status Source of classification or shelving scheme Damaged status Not for loan Home library Current library Shelving location Date acquired Total Checkouts Full call number Barcode Date last seen Price effective from Koha item type
    Dewey Decimal Classification     Law Development Centre Main Library Law Development Centre Main Library Text Books and Laws 04/21/2011   346.048 COR 010/305 04/21/2011 04/21/2011 Books